Stavebná produkcia, zamestnanci a mzdy v stavebných podnikoch SR - 7/2003

Guardado en:
Detalles Bibliográficos
Formato: Libro
Lenguaje:eslovaco
Publicado: Bratislava Štatistický úrad Slovenskej republiky 2003
Colección:Energetika, priemysel a stavebníctvo
Materias:
Etiquetas: Agregar Etiqueta
Sin Etiquetas, Sea el primero en etiquetar este registro!

MARC

LEADER 00000nam$a2200000$$$4500
001 0000662
005 20260205134349.2
041 0 |a slo 
044 |a SK 
245 1 0 |a Stavebná produkcia, zamestnanci a mzdy v stavebných podnikoch SR - 7/2003 
264 1 |a Bratislava  |b Štatistický úrad Slovenskej republiky  |c 2003 
300 |a 109 s. 
490 1 |a Energetika, priemysel a stavebníctvo 
830 0 |a Energetika, priemysel a stavebníctvo 
610 2 0 |a Slovensko 
610 2 0 |a stavebníctvo 
610 2 0 |a podnik stavebný 
610 2 0 |a produkcia 
610 2 0 |a zamestnanci 
610 2 0 |a mzdy